University Home | Library Home | Institutional Repository

As campanhas de Mocambique em 1895 : (Record no. 130357)

MARC details
000 -LEADER
fixed length control field 01166cam8a220024100 4500
001 - CONTROL NUMBER
control field qcf00164492
005 - DATE AND TIME OF LATEST TRANSACTION
control field 20190822104148.0
008 - FIXED-LENGTH DATA ELEMENTS--GENERAL INFORMATION
fixed length control field 740812s1947 po por u
010 ## - LIBRARY OF CONGRESS CONTROL NUMBER
LC control number 50032342
035 ## - SYSTEM CONTROL NUMBER
System control number (Sirsi) r93367
035 ## - SYSTEM CONTROL NUMBER
System control number (QCAT)lss00628185
035 ## - SYSTEM CONTROL NUMBER
System control number (UPRA)qcf00164492
040 ## - CATALOGING SOURCE
Modifying agency UPRA
245 03 - TITLE STATEMENT
Title As campanhas de Mocambique em 1895 :
Remainder of title segundo os contempor^aneos /
Statement of responsibility, etc. pref. e notas do Prof ; dr. Marcello Caetano.
260 ## - PUBLICATION, DISTRIBUTION, ETC.
Place of publication, distribution, etc. Lisboa :
Name of publisher, distributor, etc. Divis~ao de Publicac~oes e Biblioteca, Ag^encia Geral das Colonias,
Date of publication, distribution, etc. 1947.
500 ## - GENERAL NOTE
General note "O nucleo principal da correspond^encia publicada pertenceu a Antonio Ennes que dela foi autor ou destinatario, e esta em geral inedita."--p. 6.
500 ## - GENERAL NOTE
General note At head of t.p.: Republica Portuguesa Ministerio das Colonias.
651 #0 - SUBJECT ADDED ENTRY--GEOGRAPHIC NAME
Geographic name Mozambique -- History -- Sources.
General subdivision Mozambique -- History -- Sources.
-- Mozambique -- History -- Sources.
Linkage S40771.1
700 1# - ADDED ENTRY--PERSONAL NAME
Personal name Ennes, Antonio Jose, 1848-1901.
Dates associated with a name Ennes, Antonio Jose, 1848-1901.
Linkage A52122.1
700 1# - ADDED ENTRY--PERSONAL NAME
Personal name Caetano, Marcello, 1906-1980.
Dates associated with a name Caetano, Marcello, 1906-1980.
Linkage A40638.1
949 ## - LOCAL PROCESSING INFORMATION (OCLC)
a DT459
w lcc
i -131266
m MAIN
t BOOK
l ON-SHELF

No items available.

© 2026 - The University of Zambia Library - Koha v25.11